Vista normal
Vista MARC
Entrada Materia (tema)
Número de registros utilizados en: 1
001 - CONTROL NUMBER
- control field: 176140
003 - CONTROL NUMBER IDENTIFIER
- control field: Co-BoUCM
005 - DATE AND TIME OF LATEST TRANSACTION
- control field: 20221109113844.0
008 - FIXED-LENGTH DATA ELEMENTS
- fixed length control field: 221109|| aca||aabn | a|a d
040 ## - CATALOGING SOURCE
- Original cataloging agency: Co-BoUCM
- Transcribing agency: Co-BoUCM
150 ## - HEADING--TOPICAL TERM
- Topical term or geographic name as entry element: Fluxus (Grupo de artistas)
670 ## - SOURCE DATA FOUND
- Source citation: Work cat.: (Co-BoUCM): 176138 Schmidt-Burkhardt, Astrit, Maciunas' learning machines : |b from art history to a chronology of Fluxus, 2011